Black Beauty /

Spremljeno u:
Bibliografski detalji
Glavni autor: Sewel, Anna (autor)
Format: Knjiga
Jezik:engleski
Izdano: Nueva York, EUA : Baronet Books, 1977, c1977
Serija:(Great Illustrated Classics)
Teme:
Oznake: Dodaj oznaku
Bez oznaka, Budi prvi tko označuje ovaj zapis!

MARC

LEADER 00000nam^a2200000^a^4500
001 000380914
005 20250521000000.0
009 20260310120625.029
037 |a Acervo ITESO - Biblioteca 
041 |a ING 
082 |a 808. 899282  |b ILL V. 3 
100 |a Sewel, Anna  |e (autor) 
240 1 1 |a [Belleza negra] 
245 1 0 |a Black Beauty /  |c A. Sewell ; versión de Deidre Laiken. 
264 4 |a Nueva York, EUA :  |b Baronet Books,  |c 1977, c1977 
300 |a 232 p. 
336 |a texto  |b txt  |2 rdacontenido 
337 |a sin mediación  |b n  |2 rdamedio 
338 |a volumen  |b nc  |2 rdasoporte 
440 1 |a (Great Illustrated Classics) 
545 0 |a Anna Sewell, nacida en la localidad de Great Yarmouth, condado de Norfolk, en 1820, es autora de una sola, pero muy popular obra, titulada Black Beauty, que ha sido traducida al español con los títulos de Belleza negra o Azabache y cuya trama tiene una relación directa con la biografía de la autora. Víctima a los catorce años de edad de un accidente que le provocó cojera por el resto de su vida, Sewell empleaba usualmente vehículos con caballos para moverse y desarrolló una temprana conciencia sobre la protección de los animales. Mary Wright Sewell, su madre, escribió varios libros evangélicos para niños, que Anna ayudó a editar. La novelista escribió Black Beauty, considerada después un clásico de la literatura infantil, durante los años 1871-1877 con el propósito de inducir a las personas que trabajaban con caballos a proveerles un trato amable y comprensivo. Anna Sewell falleció en abril de 1878, cinco meses después de la publicación de su obra, que ha sido adaptada en varias ocasiones para el cine y la televisión. 
649 |a XX 
650 |a Novela Inglesa 
650 |a Literatura Juvenil -  |z Inglaterra 
650 |a Literatura de Mujeres -  |z Inglaterra 
650 |a Literatura Inglesa -  |y Siglo XIX 
650 |a Caballos en la Literatura 
650 |a Animales en la Literatura 
650 |a Animales -  |x Tratamiento 
910 |a Fondo General 
920 |a Impresos - Libros 
930 |a Colección General 
940 |a Literatura 
905 |a 101 
901 |a 0500276011  |b IT1  |c LIT  |i D78420  |u 20250521 
902 |a https://opac.biblio.iteso.mx/vufind/Record/000380914